000 004570000a22001690004500
090 _aAR
_b03976
245 1 0 _aEvolutionary approach to animal behavior
300 _a1-23
650 1 4 _aEtología
_97606
650 1 4 _aEvolución
_992797
650 1 4 _aAdaptación biológica
_994701
650 1 4 _aSelección natural
_98289
041 0 _aInglés
260 _c[199?]
942 _cARTICULO
773 1 _tIn Alcock, J./ Animal Behavior
_kan Evolutionary Approach
999 _c13010
_d13010